00383nam a2200157Ia 4500003000400000005001700004008004000021040000700061041001200068082001900080100002100099245004000120260003100160300001200191700002200203OSt20240808164014.0210210b1990 xxu||||| |||| 00| 0 eng d cAL aEnglish a809.88914 SAHS aSAHITYA AKADEMI. aSami: Makers of Indian literature  aN DbSahitya Akademic1990 aviii,65 aKalyan B Advani .